Overcoming political obstacles to economic reforms via redistribution (Record no. 52510)

000 -LEADER
fixed length control field 00983pab a2200157 454500
008 - FIXED-LENGTH DATA ELEMENTS--GENERAL INFORMATION
fixed length control field 180718b2002 xxu||||| |||| 00| 0 eng d
100 ## - MAIN ENTRY--PERSONAL NAME
Personal name Karnik, Ajit
245 ## - TITLE STATEMENT
Title Overcoming political obstacles to economic reforms via redistribution
260 ## - PUBLICATION, DISTRIBUTION, ETC.
Date of publication, distribution, etc. 2002
300 ## - PHYSICAL DESCRIPTION
Extent p.2059-064.
362 ## - DATES OF PUBLICATION AND/OR SEQUENTIAL DESIGNATION
Dates of publication and/or sequential designation 25 May
520 ## - SUMMARY, ETC.
Summary, etc. Political obstacles to the reforms process is a genuine problem in most reforming economies. Such obstacles, it is feared, shackle a reforming government, which is then unable to complete the reforms agenda. This paper argues that the magnitude of political economy problems may be exaggerated and that a way out of the impasse is possible. An approach to political calculus is developed that sets out the conditions under which broad-based reforms may be introduced by the government without electoral dangers. This approach is tested using Indian data. - Reproduced.
650 ## - SUBJECT ADDED ENTRY--TOPICAL TERM
Topical term or geographic name entry element Economic reform
773 ## - HOST ITEM ENTRY
Main entry heading Economic and Political Weekly
909 ## -
-- 52510
Holdings
Withdrawn status Lost status Damaged status Not for loan Permanent Location Current Location Date acquired Serial Enumeration / chronology Barcode Date last seen Price effective from Koha item type
        Indian Institute of Public Administration Indian Institute of Public Administration 2018-07-19 Volume no: 37, Issue no: 21 AR52940 2018-07-19 2018-07-19 Articles

Powered by Koha